书目信息 |
| 题名: |
中国材料工程大典
|
|
| 作者: | 李骏带 总编辑 ;杨鸣波 , 唐志玉 卷主编 | |
| 分册: | 第6卷 高分子材料工程 | |
| 出版信息: | 北京 化学工业出版社 2006 |
|
| 页数: | 13,1016页 | |
| 开本: | 31cm | |
| 丛书名: | ||
| 单 册: | ||
| 中图分类: | TB3 , TB324 | |
| 科图分类: | ||
| 主题词: | 材料科学 , 高分子材料 | |
| 电子资源: | ||
| ISBN: | 7-5025-7308-9 | |
| 000 | 01019nam0 2200313 450 | |
| 001 | 012004039223 | |
| 005 | 20080303092409.85 | |
| 009 | 012004039223 | |
| 010 | @a7-5025-7308-9@b精装@dCNY170.00 | |
| 035 | @a(110019)012006031413 | |
| 100 | @a20060106d2006 em y0chiy0110 ea | |
| 101 | 0 | @achi |
| 102 | @aCN@b110000 | |
| 105 | @aa z 000yy | |
| 106 | @ar | |
| 200 | 1 | @a中国材料工程大典@Azhong guo cai liao gong cheng da dian@h第6卷@i高分子材料工程@h上@f李骏带总编辑@g杨鸣波, 唐志玉[卷]主编 |
| 210 | @a北京@c化学工业出版社@d2006 | |
| 215 | @a13,1016页@c照片,图@d31cm | |
| 330 | @a本书主要介绍了塑料工程、有机纤维、橡胶工程、高分子胶黏剂、功能高分子和皮革材料。 | |
| 517 | 1 | @a高分子材料工程@Agao ban zi cai liao gong cheng |
| 606 | 0 | @a材料科学 |
| 606 | 0 | @a高分子材料 |
| 690 | @aTB3@v4 | |
| 690 | @aTB324@v4 | |
| 701 | 0 | @a李骏带@Ali jun dai@4总编辑 |
| 702 | 0 | @a杨鸣波@Ayang ming bo@4卷主编 |
| 702 | 0 | @a唐志玉@Atang zhi yu@4卷主编 |
| 801 | 0 | @aCN@b110019@c20080303 |
| 905 | @dTB3@e183:6@f2 | |
| 中国材料工程大典.第6卷.高分子材料工程.上/李骏带总编辑/杨鸣波, 唐志玉[卷]主编.-北京:化学工业出版社,2006 |
| 13,1016页:照片,图;31cm |
| ISBN 7-5025-7308-9(精装):CNY170.00 |
| 本书主要介绍了塑料工程、有机纤维、橡胶工程、高分子胶黏剂、功能高分子和皮革材料。 |
| ● |
| 相关链接 |
|
|
|
|
正题名:中国材料工程大典
索取号:TB3/183:6
 
预约/预借
| 序号 | 登录号 | 条形码 | 馆藏地/架位号 | 状态 | 备注 |
| 1 | 0614551 | 206145517 | 第二样本阅览室/ [索取号:TB3/183:6] | 在馆 | |
| 2 | 0614552 | 206145526 | 密集书库/ [索取号:TB3/183:6] | 在馆 |